000 01151 a2200193 4500
001 46471
005 20260407155736.0
008 260407a1984 arg spa d
003 AR-UNSa-BCEJYS
040 _aAR-UNSa-BCEJYS
_bspa
_cAR-UNSa-BCEJYS
080 _a658.115
_xEmpresas públicas, estatales y nacionalizadas (Economía)
245 1 0 _aLas empresas públicas en la Argentina
264 1 _aBuenos Aires :
_bEl Cronista Comercial
_c1984
300 _a179 p.
_c20 cm.
505 _aParte I: Introducción – Parte II: Caracterización de las empresas públicas: 1. Sus orígenes – 2. Universo actual – 3. Su participación en la economía – 4. Evolución del marco institucional – Parte III: Desenvolvimiento de las empresas públicas: 1. Evolución de las formas de dirección empresaria – 2. Régimen actual de conducción, planeamiento y control – 3. Problemas presentes. Manifestaciones y orígenes – Parte IV: Mejora del sector de empresas públicas: 1. Sus objetivos – 2. Criterios básicos – 3. Modificaciones institucionales -
942 _cBK
590 _aniveau_biblio:m niveau_hierar:0
100 1 _aUgalde, Alberto
999 _c4198
_d4198